LEADER 00959nam1 2200337 450 001 990000606500203316 035 $a0060650 035 $aUSA010060650 035 $a(ALEPH)000060650USA01 035 $a0060650 100 $a20010904d1988----km-y0itay0103----ba 101 $ager 102 $aCH 105 $a||||||||001yy 200 1 $aGesammelte Werke$fFriedrich Dürrenmatt$g[herausgegeben von Franz Josef Görtz] 210 $aZürich$cDiogenes$dc1988 215 $a7 v.$d19 cm$e1 fasc. di introduzione 410 $12001 676 $a838.914 700 1$aDÜRRENMATT,$bFriedrich$0386486 702 1$aGÖRTZ,$bFranz Joseph 801 0$aIT$bsalbc$gISBD 912 $a990000606500203316 951 $aII t A 795$bLM$cII t A 959 $aBK 969 $aUMA 979 $aPATTY$b90$c20010904$lUSA01$h1244 979 $c20020403$lUSA01$h1710 979 $aPATRY$b90$c20040406$lUSA01$h1642 996 $aGesammelte Werke$9600298 997 $aUNISA LEADER 01799oam 2200445M 450 001 9910716119203321 005 20200213070936.3 035 $a(CKB)5470000002518926 035 $a(OCoLC)1065616724 035 $a(OCoLC)995470000002518926 035 $a(EXLCZ)995470000002518926 100 $a20071213d1926 ua 0 101 0 $aeng 135 $aurcn||||||||| 181 $ctxt$2rdacontent 182 $cc$2rdamedia 183 $acr$2rdacarrier 200 10$aTo authorize leasing, for the production of oil and gas, certain public lands in Carbon County, Wyo. May 17, 1926. -- Committed to the Committee of the Whole House and ordered to be printed 210 1$a[Washington, D.C.] :$c[U.S. Government Printing Office],$d1926. 215 $a1 online resource (2 pages) 225 1 $aHouse report / 69th Congress, 1st session. House ;$vno. 1221 225 1 $a[United States congressional serial set ] ;$v[serial no. 8537] 300 $aBatch processed record: Metadata reviewed, not verified. Some fields updated by batch processes. 300 $aFDLP item number not assigned. 606 $aLegislative amendments 606 $aOil and gas leases 606 $aPublic lands 608 $aLegislative materials.$2lcgft 615 0$aLegislative amendments. 615 0$aOil and gas leases. 615 0$aPublic lands. 701 $aWinter$b Charles E$g(Charles Edwin),$f1870-1948$pRepublican (WY)$01387987 801 0$bWYU 801 1$bWYU 801 2$bOCLCO 801 2$bOCLCQ 906 $aBOOK 912 $a9910716119203321 996 $aTo authorize leasing, for the production of oil and gas, certain public lands in Carbon County, Wyo. May 17, 1926. -- Committed to the Committee of the Whole House and ordered to be printed$93439197 997 $aUNINA